000 00786nam a2200241 a 4500
001
003 DO-SdBNP
005 20211228072158.0
008 140312s2000 dr a 000 0 spa d
040 _aDO-SdBNP
_bspa
_cBPMSU
082 _a942
_bB171r 2000
_222
100 1 _a Balaguer, Joaquín,
_d1906-2002
_92
245 1 3 _aLa raza inglesa :
_b(compendio de la historia de Inglaterra) /
_cJoaquín Balaguer.
260 _aSanto Domingo :
_bCorripio,
_c2000.
300 _a245 p :
_bil. ;
_c23 cm.
500 _aIncluye referencias bibliográficas y notas al pie de las páginas
504 _aBibliografía: p. 245.
590 _aInventariado, 2021/VM
651 4 _aGran Bretaña
_xHistoria
651 4 _aInglaterra
_xVida social y costumbres
910 _aVMateo V.
942 _2ddc
_cBK
999 _c7696
_d7696